| 000 | 00493cam a2200193ua 4500 | ||
|---|---|---|---|
| 020 | _c12.50 | ||
| 041 |
_aeng _h |
||
| 082 |
_a530.15 _bBAN/IN |
||
| 100 | _aBand, William . | ||
| 245 |
_aIntroduction to mathematical physics / _cWilliam Band. _hTextual Documents |
||
| 250 |
_a1 / _b. |
||
| 260 |
_aNew Delhi : _bAffiliated East West Press Pvt Ltd , _c1964. |
||
| 300 | _a326 ; . | ||
| 365 | _a12.50 | ||
| 504 | _a | ||
| 942 | _cBK | ||
| 999 |
_c8566 _d8566 |
||